000 00754cam a2200253 a 4500
001 000019660
005 20240226143822.0
008 840808s1961 sp 001 f spa d
040 _aDO-SdBNP
_cCarP
_dDLC
082 _a863.64
_bC174s, 1961
100 1 _aCamba, Julio,
_d1882-1962
_93094
245 1 0 _aSobre casi todo /
_cJulio Camba.
250 _a4a ed.
260 _aMadrid :
_bEspasa-Calpe,
_c1961.
300 _a158 p. ;
_c18 cm.
490 1 _aAustral. Azul: novelas y cuentos
_v654
500 _aIncluye índice de autores
650 4 _aNovela española
_91123
650 4 _aLiteratura española
_9632
830 0 _aAustral.
_pAzul: novelas y cuentos;
_v654
_941554
910 _aCatalogación derivada / LC
910 _aWM
049 _aBNGR
999 _c19176
_d19176